| 000 | 00629nam a2200217 u 4500 | ||
|---|---|---|---|
| 005 | 20240228064214.0 | ||
| 008 | 150506s2006 ag r 000 0 spa d | ||
| 020 | _a9501113051 | ||
| 035 | _aUPN01000203236 | ||
| 049 | _aI | ||
| 050 | 4 |
_aPZ76.3 _bR5.22 |
|
| 100 | 1 |
_aRivera, Natalia _936547 |
|
| 245 | 1 | 0 |
_aBambi / _cadap. Natalia Rivero ; il. Van Gool. |
| 260 |
_aBuenos Aires : _bSigmar, _cc2006. |
||
| 300 |
_a24 p. : _bprincipalmente il. col. |
||
| 440 | 0 | _aColorín colorado | |
| 650 | 0 |
_aAnimales _vCuentos y leyendas _9234 |
|
| 650 | 4 |
_aLibros y lectura para niños _92290 |
|
| 905 | _aInfantil | ||
| 999 |
_c175337 _d175337 |
||